NBA 2024-2025 Playoff Starters - Statistics

General Stats
  • This quiz has been taken 71 times
  • The average score is 49 of 80
Answer Stats
Answer % Correct
Point Guard Derrick White
89%
Point Guard Ja Morant
89%
Small Forward Jaylen Brown
87%
Power Forward Jayson Tatum
87%
Small Forward Josh Hart
87%
Center Draymond Green
84%
Point Guard Jalen Brunson
84%
Shooting Guard Jrue Holiday
84%
Center Karl-Anthony Towns
84%
Point Guard Shai Gilgeous-Alexander
84%
Shooting Guard Jalen Green
82%
Small Forward Jalen Williams
82%
Power Forward LeBron James
82%
Center Kristaps Porzingis
80%
Point Guard Stephen Curry
80%
Center Isaiah Hartenstein
78%
Power Forward Chet Holmgren
76%
Power Forward Giannis Antetokounmpo
73%
Power Forward Jaren Jackson Jr
73%
Point Guard Luka Dončić
73%
Point Guard Tyrese Haliburton
73%
Small Forward Amen Thompson
71%
Shooting Guard Davion Mitchell
71%
Shooting Guard Donovan Mitchell
71%
Point Guard Fred VanVleet
71%
Point Guard Jamal Murray
71%
Power Forward Jimmy Butler III
71%
Center Nikola Jokic
71%
Center Alperen Sengun
69%
Center Jarrett Allen
69%
Power Forward Pascal Siakam
69%
Small Forward Ausar Thompson
67%
Point Guard Cade Cunningham
67%
Shooting Guard Lugentz Dort
67%
Shooting Guard Austin Reaves
64%
Power Forward Bam Adebayo
64%
Small Forward Desmond Bane
64%
Center Jalen Duren
64%
Shooting Guard Mikal Bridges
64%
Shooting Guard Anthony Edwards
62%
Point Guard Darius Garland
62%
Power Forward Evan Mobley
62%
Point Guard James Harden
62%
Center Myles Turner
62%
Power Forward OG Anunoby
62%
Point Guard Tyler Herro
62%
Power Forward Aaron Gordon
60%
Point Guard Mike Conley
60%
Shooting Guard Brandin Podziemski
58%
Point Guard Kevin Porter Jr
58%
Small Forward Michael Porter Jr
58%
Center Rudy Gobert
58%
Small Forward Rui Hachimura
58%
Center Brook Lopez
56%
Power Forward Dillon Brooks
56%
Center Jaxson Hayes
56%
Center Zach Edey
56%
Shooting Guard Andrew Nembhard
53%
Small Forward Jaden McDaniels
53%
Power Forward Julius Randle
53%
Center Ivica Zubac
51%
Power Forward Kawhi Leonard
51%
Small Forward Max Strus
51%
Power Forward Paulo Banchero
51%
Small Forward Aaron Nesmith
49%
Shooting Guard Christian Braun
49%
Small Forward Andrew Wiggins
44%
Small Forward Franz Wagner
44%
Small Forward Normal Powell
44%
Center Kel'el Ware
38%
Small Forward Kyle Kuzma
38%
Power Forward Tobias Harris
38%
Shooting Guard Kentavious Caldwell-Pope
36%
Center Wendell Carter Jr
36%
Small Forward Buddy Hield
33%
Shooting Guard Gary Trent Jr
29%
Shooting Guard Tim Hardaway Jr
29%
Shooting Guard Scotty Pippen Jr
27%
Shooting Guard Kris Dunn
22%
Point Guard Cory Joseph
18%
No matching quizzes found
Score Distribution
Percent of People with Each Score
Percentile by Number Answered
Your Score History
You have not taken this quiz